[Event "DEM U8w 2025"]
[Site "Willingen GER"]
[Date "2025.06.14"]
[Round "7"]
[White "Beck, Fiona"]
[Black "Taris, Camille"]
[Result "0-1"]
[Termination "normal"]
[Board "10"]
[WhiteElo "859"]
[BlackElo "882"]
[WhiteClock "00:32:02"]
[BlackClock "00:49:11"]
[PlyCount "70"]
[EventCountry "GER"]
[EventRounds "7"]
[EventType "swiss"]
[EventDate "2025.06.10"]

1. e4 {[%clk 01:00:29]} {[%emt 00:00:02]} c5 {[%clk 01:00:24]} {[%emt
00:00:07]} 2. Bc4 {[%clk 01:00:19]} {[%emt 00:00:25]} d6 {[%clk 01:00:29]}
{[%emt 00:00:10]} 3. Nf3 {[%clk 01:00:06]} {[%emt 00:00:27]} Nf6 {[%clk
01:00:36]} {[%emt 00:00:09]} 4. Nc3 {[%clk 01:00:06]} {[%emt 00:00:15]} g6
{[%clk 01:00:36]} {[%emt 00:00:14]} 5. O-O {[%clk 01:00:00]} {[%emt 00:00:21]}
Bg7 {[%clk 01:00:46]} {[%emt 00:00:04]} 6. d3 {[%clk 01:00:00]} {[%emt
00:00:16]} O-O {[%clk 01:00:54]} {[%emt 00:00:08]} 7. Bg5 {[%clk 00:59:43]}
{[%emt 00:00:31]} Bd7 {[%clk 01:00:10]} {[%emt 00:00:59]} 8. Qd2 {[%clk
00:58:42]} {[%emt 00:01:15]} Nc6 {[%clk 00:59:15]} {[%emt 00:01:11]} 9. Nh4
{[%clk 00:53:11]} {[%emt 00:05:46]} Nh5 {[%clk 00:55:50]} {[%emt 00:03:41]} 10.
Nxg6 {[%clk 00:41:54]} {[%emt 00:11:30]} hxg6 {[%clk 00:55:30]} {[%emt
00:01:45]} 11. Rae1 {[%clk 00:38:57]} {[%emt 00:03:12]} Re8 {[%clk 00:55:17]}
{[%emt 00:00:28]} 12. Re3 {[%clk 00:38:34]} {[%emt 00:00:39]} Ne5 {[%clk
00:54:44]} {[%emt 00:00:47]} 13. Ne2 {[%clk 00:38:11]} {[%emt 00:00:37]} Qc7
{[%clk 00:53:28]} {[%emt 00:01:32]} 14. Ng3 {[%clk 00:38:11]} {[%emt 00:00:15]}
Nxg3 {[%clk 00:53:18]} {[%emt 00:00:23]} 15. Rxg3 {[%clk 00:38:06]} {[%emt
00:00:23]} Nxc4 {[%clk 00:53:10]} 16. Bh6 {[%clk 00:40:00]} {[%emt 00:04:36]}
Nxd2 {[%clk 00:52:38]} {[%emt 00:00:12]} 17. Bxd2 {[%clk 00:39:52]} {[%emt
00:00:24]} Bxb2 {[%clk 00:52:31]} {[%emt 00:00:21]} 18. c3 {[%clk 00:39:36]}
{[%emt 00:00:33]} Qa5 {[%clk 00:52:20]} {[%emt 00:00:25]} 19. Rd1 {[%clk
00:38:34]} {[%emt 00:01:16]} Qxa2 {[%clk 00:52:14]} {[%emt 00:00:20]} 20. Rh3
{[%clk 00:38:30]} {[%emt 00:00:20]} Bxh3 {[%clk 00:52:06]} {[%emt 00:00:21]}
21. gxh3 {[%clk 00:38:15]} {[%emt 00:00:31]} Qe6 {[%clk 00:52:05]} {[%emt
00:00:17]} 22. Kg2 {[%clk 00:37:59]} {[%emt 00:00:31]} a5 {[%clk 00:52:02]}
{[%emt 00:00:18]} 23. Bh6 {[%clk 00:35:47]} {[%emt 00:02:28]} a4 {[%clk
00:51:54]} {[%emt 00:00:24]} 24. Rb1 {[%clk 00:35:54]} {[%emt 00:00:07]} Qa2
{[%clk 00:51:58]} {[%emt 00:00:11]} 25. Rd1 {[%clk 00:35:37]} {[%emt 00:00:31]}
a3 {[%clk 00:52:04]} {[%emt 00:00:11]} 26. Rd2 {[%clk 00:35:40]} {[%emt
00:00:10]} Qb3 {[%clk 00:52:09]} {[%emt 00:00:11]} 27. h4 {[%clk 00:35:01]}
{[%emt 00:00:53]} a2 {[%clk 00:52:19]} {[%emt 00:00:06]} 28. h5 {[%clk
00:33:08]} {[%emt 00:02:08]} a1=Q {[%clk 00:52:07]} {[%emt 00:00:48]} 29. hxg6
{[%clk 00:33:09]} {[%emt 00:00:15]} fxg6 {[%clk 00:49:21]} {[%emt 00:00:10]}
30. f3 {[%clk 00:32:54]} {[%emt 00:03:22]} Bxc3 {[%clk 00:49:25]} {[%emt
00:00:10]} 31. Rf2 {[%clk 00:32:54]} {[%emt 00:00:15]} Qe1 {[%clk 00:49:15]}
{[%emt 00:00:26]} 32. f4 {[%clk 00:32:53]} {[%emt 00:00:16]} Bd4 {[%clk
00:49:06]} {[%emt 00:00:24]} 33. Rf3 {[%clk 00:32:25]} {[%emt 00:01:52]} Qb2+
{[%clk 00:49:23]} {[%emt 00:00:13]} 34. Kh3 {[%clk 00:32:23]} {[%emt 00:00:18]}
Qg1 {[%clk 00:49:14]} {[%emt 00:00:22]} 35. f5 {[%clk 00:32:02]} {[%emt
00:00:36]} Qbxh2# {[%clk 00:49:11]} {[%emt 00:00:15]} 0-1

[Event "DEM U8w 2025"]
[Site "Willingen GER"]
[Date "2025.06.14"]
[Round "7"]
[White "Piatrushko, Alisa"]
[Black "Nguyen, Lena"]
[Result "1-0"]
[Termination "normal"]
[Board "11"]
[WhiteElo "795"]
[BlackElo "795"]
[WhiteClock "00:52:47"]
[BlackClock "00:36:40"]
[PlyCount "87"]
[EventCountry "GER"]
[EventRounds "7"]
[EventType "swiss"]
[EventDate "2025.06.10"]

1. e4 {[%clk 01:00:29]} {[%emt 00:00:01]} e5 {[%clk 01:00:25]} {[%emt
00:00:04]} 2. Nf3 {[%clk 01:00:42]} {[%emt 00:00:04]} Nc6 {[%clk 01:00:28]}
{[%emt 00:00:12]} 3. Nc3 {[%clk 01:00:49]} {[%emt 00:00:07]} Nf6 {[%clk
01:00:31]} {[%emt 00:00:11]} 4. Bb5 {[%clk 01:00:55]} {[%emt 00:00:10]} g6
{[%clk 00:59:54]} {[%emt 00:00:52]} 5. O-O {[%clk 01:00:52]} {[%emt 00:00:18]}
d6 {[%clk 00:59:44]} {[%emt 00:00:26]} 6. d3 {[%clk 01:00:57]} {[%emt
00:00:09]} Bg7 {[%clk 00:59:50]} {[%emt 00:00:08]} 7. Be3 {[%clk 01:01:06]}
{[%emt 00:00:06]} O-O {[%clk 00:59:45]} {[%emt 00:00:20]} 8. h3 {[%clk
01:00:35]} {[%emt 00:00:46]} d5 {[%clk 00:58:44]} {[%emt 00:01:17]} 9. Ng5
{[%clk 00:57:02]} {[%emt 00:03:48]} Bd7 {[%clk 00:58:02]} {[%emt 00:00:57]} 10.
exd5 {[%clk 00:54:54]} {[%emt 00:02:22]} Nb4 {[%clk 00:57:03]} {[%emt
00:01:14]} 11. d4 {[%clk 00:54:25]} {[%emt 00:00:44]} Nfxd5 {[%clk 00:56:29]}
{[%emt 00:00:48]} 12. Bxd7 {[%clk 00:54:17]} {[%emt 00:00:24]} Qxd7 {[%clk
00:55:47]} {[%emt 00:00:57]} 13. Qf3 {[%clk 00:53:20]} {[%emt 00:01:12]} Nxe3
{[%clk 00:55:40]} {[%emt 00:00:23]} 14. fxe3 {[%clk 00:53:17]} {[%emt
00:00:15]} Nxc2 {[%clk 00:55:14]} {[%emt 00:00:29]} 15. Rac1 {[%clk 00:53:20]}
{[%emt 00:00:26]} Nb4 {[%clk 00:55:11]} {[%emt 00:00:18]} 16. Qg3 {[%clk
00:53:16]} {[%emt 00:00:19]} exd4 {[%clk 00:54:28]} {[%emt 00:00:59]} 17. Qh4
{[%clk 00:53:03]} {[%emt 00:00:27]} h6 {[%clk 00:53:43]} {[%emt 00:01:00]} 18.
Nge4 {[%clk 00:52:42]} {[%emt 00:00:37]} dxc3 {[%clk 00:53:24]} {[%emt
00:00:34]} 19. bxc3 {[%clk 00:52:44]} {[%emt 00:00:12]} Nxa2 {[%clk 00:52:59]}
{[%emt 00:00:40]} 20. Rb1 {[%clk 00:52:41]} {[%emt 00:00:19]} Nxc3 {[%clk
00:52:30]} {[%emt 00:00:44]} 21. Nxc3 {[%emt 00:01:32]} g5 {[%clk 00:52:02]}
{[%emt 00:00:12]} 22. Qc4 {[%clk 00:52:45]} {[%emt 00:00:17]} Qd3 {[%clk
00:50:25]} {[%emt 00:01:52]} 23. Qxd3 {[%clk 00:52:42]} {[%emt 00:00:17]} Rad8
{[%clk 00:49:58]} {[%emt 00:00:39]} 24. Qc4 {[%clk 00:52:38]} {[%emt 00:00:22]}
Rfe8 {[%clk 00:49:23]} {[%emt 00:00:50]} 25. Rfe1 {[%clk 00:52:43]} {[%emt
00:00:11]} b6 {[%clk 00:46:00]} {[%emt 00:03:38]} 26. Qxc7 {[%clk 00:52:42]}
{[%emt 00:00:14]} Rc8 {[%clk 00:45:18]} {[%emt 00:00:48]} 27. Qxa7 {[%clk
00:52:52]} {[%emt 00:00:15]} Bxc3 {[%clk 00:45:08]} {[%emt 00:00:26]} 28. Rec1
{[%clk 00:52:55]} {[%emt 00:00:12]} Bd2 {[%clk 00:44:42]} {[%emt 00:00:39]} 29.
Rxc8 {[%clk 00:52:57]} {[%emt 00:00:14]} Bxe3+ {[%clk 00:44:17]} {[%emt
00:00:41]} 30. Kf1 {[%clk 00:52:58]} {[%emt 00:00:14]} Rxc8 {[%clk 00:43:49]}
{[%emt 00:00:36]} 31. Qb7 {[%clk 00:53:07]} {[%emt 00:00:13]} Rf8 {[%clk
00:43:03]} {[%emt 00:00:59]} 32. Re1 {[%clk 00:53:07]} {[%emt 00:00:18]} Bd2
{[%clk 00:42:13]} {[%emt 00:01:04]} 33. Re2 {[%clk 00:53:08]} {[%emt 00:00:14]}
Ba5 {[%clk 00:42:07]} {[%emt 00:00:20]} 34. Qc6 {[%clk 00:53:13]} {[%emt
00:00:11]} Kg7 {[%clk 00:41:23]} {[%emt 00:00:56]} 35. Rc2 {[%clk 00:53:09]}
{[%emt 00:00:23]} Rd8 {[%clk 00:40:40]} {[%emt 00:00:57]} 36. Qc7 {[%clk
00:52:56]} {[%emt 00:00:29]} Rd1+ {[%clk 00:40:14]} {[%emt 00:00:40]} 37. Kf2
{[%clk 00:52:51]} {[%emt 00:00:21]} Be1+ {[%clk 00:39:33]} {[%emt 00:00:56]}
38. Ke2 {[%clk 00:52:50]} {[%emt 00:00:17]} Rb1 {[%clk 00:38:44]} {[%emt
00:00:53]} 39. Kf3 {[%clk 00:52:54]} {[%emt 00:00:20]} Rb3+ {[%clk 00:38:28]}
{[%emt 00:00:30]} 40. Kg4 {[%clk 00:53:01]} {[%emt 00:00:10]} b5 {[%clk
00:37:41]} {[%emt 00:00:56]} 41. Kh5 {[%clk 00:52:44]} {[%emt 00:00:38]} Rd3
{[%clk 00:37:14]} {[%emt 00:00:42]} 42. Qc6 {[%clk 00:52:32]} {[%emt 00:00:27]}
b4 {[%clk 00:36:53]} {[%emt 00:00:28]} 43. Qxh6+ {[%clk 00:52:40]} {[%emt
00:00:16]} Kg8 {[%clk 00:36:40]} {[%emt 00:00:26]} 44. Rc8+ {[%clk 00:52:47]}
{[%emt 00:00:10]} 1-0

[Event "DEM U8w 2025"]
[Site "Willingen GER"]
[Date "2025.06.14"]
[Round "7"]
[White "Richter Assencio, Carolina"]
[Black "Shelest, Amina"]
[Result "1-0"]
[Termination "normal"]
[Board "14"]
[WhiteElo "751"]
[BlackElo "778"]
[WhiteClock "00:58:47"]
[BlackClock "00:59:43"]
[PlyCount "35"]
[EventCountry "GER"]
[EventRounds "7"]
[EventType "swiss"]
[EventDate "2025.06.10"]

1. e4 {[%clk 01:00:27]} {[%emt 00:00:03]} e5 {[%clk 01:00:25]} {[%emt
00:00:05]} 2. Nf3 {[%clk 01:00:35]} {[%emt 00:00:07]} Nc6 {[%clk 01:00:34]}
{[%emt 00:00:07]} 3. d4 {[%clk 01:00:43]} {[%emt 00:00:07]} Nf6 {[%clk
01:00:30]} {[%emt 00:00:19]} 4. Nc3 {[%clk 01:00:50]} {[%emt 00:00:08]} exd4
{[%clk 01:00:11]} {[%emt 00:00:32]} 5. Nxd4 {[%clk 01:00:59]} {[%emt 00:00:06]}
Nxd4 {[%clk 01:00:08]} {[%emt 00:00:20]} 6. Qxd4 {[%clk 01:01:08]} {[%emt
00:00:05]} b6 {[%clk 00:59:50]} {[%emt 00:00:34]} 7. Qe5+ {[%clk 01:01:10]}
{[%emt 00:00:11]} Be7 {[%clk 00:59:49]} {[%emt 00:00:18]} 8. Nd5 {[%clk
01:01:09]} {[%emt 00:00:14]} O-O {[%emt 00:00:14]} 9. Bg5 {[%emt 00:00:07]}
Bb4+ {[%clk 00:59:27]} {[%emt 00:00:17]} 10. Nxb4 {[%clk 01:01:10]} {[%emt
00:00:15]} Re8 {[%clk 00:59:24]} {[%emt 00:00:18]} 11. Bxf6 {[%clk 00:59:38]}
{[%emt 00:01:45]} gxf6 {[%clk 00:59:31]} {[%emt 00:00:09]} 12. Qg3+ {[%clk
00:59:37]} {[%emt 00:00:14]} Kh8 {[%clk 00:59:34]} {[%emt 00:00:14]} 13. f3
{[%clk 00:59:34]} {[%emt 00:00:19]} d6 {[%clk 00:59:44]} {[%emt 00:00:05]} 14.
O-O-O {[%clk 00:59:23]} {[%emt 00:00:25]} Be6 {[%clk 00:59:51]} {[%emt
00:00:09]} 15. Bd3 {[%clk 00:59:01]} {[%emt 00:00:36]} Qe7 {[%clk 00:59:45]}
{[%emt 00:00:22]} 16. Qh4 {[%clk 00:58:53]} {[%emt 00:00:20]} Rg8 {[%clk
00:59:46]} {[%emt 00:00:17]} 17. e5 {[%clk 00:58:47]} {[%emt 00:00:20]} dxe5
{[%clk 00:59:43]} {[%emt 00:00:16]} 18. Qxh7# {[%emt 00:00:11]} 1-0